Zonguldak ilçeleri - Statistics

General Stats
  • This quiz has been taken 105 times
  • The average score is 3 of 8
Answer Stats
Nüfus Cevap % Correct
117.360 Zonguldak Merkez
90%
91.968 Çaycuma
59%
157.294 Karadeniz Ereğli
40%
57.562 Devrek
28%
21.344 Gökçebey
28%
43.417 Alaplı
21%
33.639 Kilimli
21%
50.908 Kozlu
18%
No matching quizzes found
Score Distribution
Percent of People with Each Score
Percentile by Number Answered
Your Score History
You have not taken this quiz